| 000 | 005600000a22001930004500 | ||
|---|---|---|---|
| 003 | LK-CoMWRAF | ||
| 005 | 20231113131611.0 | ||
| 008 | 230817t1995 ||||| |||| 00| 0 eng d | ||
| 020 | _a1856492745 | ||
| 040 |
_aLK-CoMWRAF _dLK-CoMWRAF _eLK-CoMWRAF |
||
| 041 | _aeng | ||
| 082 |
_a338.9 _bJAH |
||
| 100 | _aJahan, Rounaq | ||
| 245 |
_aThe elusive agenda: _bmainstreaming women in development |
||
| 260 |
_aLondon: _bZed Books, _c1995 |
||
| 300 |
_axiv, 144 p. : ill. ; 23 cm. _bBibliography and index included |
||
| 650 | _aWOMEN IN DEVELOPMENT | ||
| 942 | _cBK | ||
| 999 |
_c1858 _d1858 |
||